000 00403nam a2200169Ia 4500
001 15824
003 IN-NITTTR
005 20251114233149.0
008 251113s9999||||xx |||||||||||||| ||eng||
040 _beng
040 _cIN-NITTTR
041 _aeng
082 _a651.8 G357W
100 _aGibson, Dudley
245 0 _aWordprocessing and the electronic office. /
_cGibson, Dudley
942 _2ddc
_cBK
999 _c18458
_d18458